[Event "4NCL Division 3 North"]
[Site "Wakefield, ENG"]
[Date "2016.11.27"]
[Round "2.31"]
[White "Newton, Robert A"]
[Black "Sanghera, Parminder"]
[Result "0-1"]
[WhiteElo "2005"]
[BlackElo "2260"]
[PlyCount "184"]
[EventDate "2016.11.27"]
[WhiteTeam "Manchester Manticores 2"]
[BlackTeam "Hounds and Bears"]

1. d4 d5 2. Bf4 Nf6 3. Nd2 g6 4. e3 Bg7 5. Be2 O-O 6. h3 Re8 7. Ngf3 c5 8. c3
Nfd7 9. O-O Nc6 10. Bg5 Qb6 11. c4 e6 12. Rb1 cxd4 13. exd4 Nxd4 14. Nxd4 Qxd4
15. Be3 Qe5 16. Nf3 Qd6 17. cxd5 Qxd5 18. Qa4 Nf6 19. Rbd1 Bd7 20. Qh4 Qxa2 21.
Bd4 Nd5 22. Bxg7 Kxg7 23. Qd4+ Kg8 24. Ne5 Qa4 25. b4 Red8 26. Ng4 h5 27. Nf6+
Nxf6 28. Qxf6 Qxb4 29. Rd4 Qb2 30. Bxh5 Be8 31. Qxd8 Rxd8 32. Rxd8 Kf8 33. Bf3
Qb5 34. Rb8 b6 35. Rc1 Kg7 36. Rcc8 Bd7 37. Rc7 Qb4 38. Rbb7 Be8 39. Rxa7 Qe1+
40. Kh2 Qxf2 41. Re7 Kf8 42. Reb7 Kg7 43. Ra6 e5 44. Raxb6 e4 45. Bg4 Qf4+ 46.
Kh1 Kh6 47. Rb1 f5 48. Be2 Qe5 49. Rf1 Bc6 50. Rb6 Qc5 51. Rfb1 Kg5 52. R6b3
Kh4 53. Rf1 Qc2 54. Bd1 Qc4 55. Rg1 f4 56. Kh2 Kg5 57. Ra3 Qc5 58. Rb3 Qd5 59.
Kh1 Kh4 60. Bg4 e3 61. Rb2 Qd4 62. Rc2 Be4 63. Ra2 Qd5 64. Rb2 Kg3 65. Re2 Qb3
66. Ree1 Qc2 67. Re2 Qc6 68. Rb2 Qf6 69. Ra2 g5 70. Re2 Qc6 71. Rb2 Qc3 72. Ra2
Qb3 73. Re2 Bd3 74. Ree1 Qb2 75. Bf3 Bf5 76. Rgf1 g4 77. Bc6 Bd3 78. Rg1 gxh3
79. gxh3+ Kxh3 80. Rg2 Qc3 81. Rh2+ Kg4 82. Rg1+ Kf5 83. Bf3 Ke5 84. Rh5+ Kf6
85. Rh6+ Kf7 86. Bd5+ Ke7 87. Re6+ Kd7 88. Rg2 Qd4 89. Ba2 Be4 90. Reg6 Bxg6
91. Be6+ Kxe6 92. Rxg6+ Kf5 0-1

[Event "4NCL Division 3 North"]
[Site "Wakefield, ENG"]
[Date "2016.11.27"]
[Round "2.72"]
[White "Jaunooby, Ali R"]
[Black "Connor, Stephen J"]
[Result "1-0"]
[WhiteElo "2207"]
[BlackElo "2013"]
[PlyCount "193"]
[EventDate "2016.11.27"]
[WhiteTeam "Manchester Manticores 1"]
[BlackTeam "Spirit of Atticus B"]

1. d4 d5 2. Bf4 Nf6 3. e3 e6 4. Nd2 Bd6 5. Bg3 O-O 6. Bd3 c5 7. c3 Nc6 8. Ngf3
b6 9. Ne5 Bb7 10. f4 Ne7 11. Qb1 g6 12. Bf2 cxd4 13. exd4 Nh5 14. g3 Nf5 15. g4
Nxf4 16. gxf5 exf5 17. Nef3 Qc8 18. Kd1 Ba6 19. Ne1 Re8 20. Ndf3 Bxd3 21. Nxd3
Qa6 22. Nxf4 Bxf4 23. Qc2 Re4 24. Ne1 Rae8 25. Nd3 Bh6 26. Nb4 Qe2+ 27. Qxe2
Rxe2 28. Be1 Rxb2 29. Nc2 Re4 30. Bd2 Bf8 31. Kc1 Rb5 32. a4 Rb3 33. Ne3 b5 34.
Nxd5 Re2 35. axb5 Rxb5 36. c4 Rb7 37. Nc3 Rg2 38. Nb5 f4 39. Bxf4 Re7 40. Be5
f6 41. Bxf6 Ree2 42. Rxa7 Rb2 43. Bg5 Rgc2+ 44. Kd1 Rxc4 45. Rc7 Rb1+ 46. Kd2
Rxh1 47. Rxc4 Rxh2+ 48. Ke3 Rh5 49. Rc8 Rxg5 50. Nc7 Rg1 51. Kf2 Rc1 52. Ke3
Kf7 53. d5 Bd6 54. Nb5 Ba3 55. Nd6+ Ke7 56. Nc4 Kd7 57. Rc6 Re1+ 58. Kf2 Ra1
59. Ne5+ Kd8 60. d6 Bb2 61. Nf7+ Kd7 62. Rc7+ Ke6 63. Re7+ Kf6 64. Rb7 Bd4+ 65.
Ke2 Bb6 66. Nh6 Ba5 67. Ra7 Re1+ 68. Kf3 Rf1+ 69. Kg2 Rd1 70. Rxa5 Rxd6 71. Ra7
Rb6 72. Rf7+ Kg5 73. Rxh7 Rb2+ 74. Kf3 Rb3+ 75. Ke4 Rb4+ 76. Kd5 Rb1 77. Nf7+
Kf6 78. Nd6 Rd1+ 79. Kc6 Rc1+ 80. Kd7 Rd1 81. Rh2 g5 82. Rf2+ Kg6 83. Ke6 Re1+
84. Kd5 Rd1+ 85. Ke5 g4 86. Ne4 Ra1 87. Rf6+ Kh5 88. Ng3+ Kh4 89. Kf4 Ra4+ 90.
Ne4 Kh3 91. Rg6 Rb4 92. Ra6 g3 93. Ra3 Kh2 94. Ra8 Kg1 95. Kxg3 Kf1 96. Nc3 Ke1
97. Rd8 1-0